00639 2200217 4500001002100000005001500021035002000036007000300056008004100059020002200100082001000122084001600132100003000148245007800178250001100256260004500267300004400312650001600356700003300372990001600405INLIS00000000000069320210426085304 a0010-0421000146ta210426 g 0 ind  a978-602-159-333-2 a720.3 a720.3 IMA e0 aImam Taufik, S. Pd. M.Pd.1 aEnsiklopedia Seni dan Budaya Nusantara Papua /cImam Taufik, S. Pd. M.Pd. aCet. 1 aBekasi :bPT Mentari Utama Unggul,c2013 aviii + 80 hlm. :bilus. ;c21 x 29,7 cm aEnsiklopedi0 aSulistiyowati, S. Pd. M. Pd. a00000010496